Normal view
MARC view
- Drury, Allen
Entry Personal Name
001 - CONTROL NUMBER
- control field: 112096
003 - CONTROL NUMBER IDENTIFIER
- control field: NUST
005 - DATE AND TIME OF LATEST TRANSACTION
- control field: 20230504122035.0
008 - FIXED-LENGTH DATA ELEMENTS
- fixed length control field: 230504|| aca||aabn | a|a d
040 ## - CATALOGING SOURCE
- Original cataloging agency: NUST
- Transcribing agency: NUST
100 ## - HEADING--PERSONAL NAME
- Personal name: Drury, Allen
670 ## - SOURCE DATA FOUND
- Source citation: Work cat.: (NUST)187511: Drury, Allen, Advise and Consent / , 1960:
